Stolice Oceanii - nagła śmierć - Statystyki

Ogólne statystyki
  • Ten quiz został rozwiązany 44 razy
  • Średni wynik to 11 z 14
Answers on the Grid
Answers color-coded by a green-red scale on the quiz's grid according to % correct below.
Canberra
Suva
Palikir
Yaren
Wellington
Ngerulmud
Port Moresby
Apia
Nuku'alofa
Funafuti
Majuro
Honiara
Port Vila
Tarawa
Sydney
Melbourne
Brisbane
Perth
Newcastle
Townsville
Adelaide
Esperance
Christchurch
Lae
 
Statystyki odpowiedzi
Odpowiedź % Poprawnych
Canberra
97%
Wellington
94%
Suva
84%
Port Moresby
81%
Apia
78%
Ngerulmud
78%
Nuku'alofa
78%
Yaren
78%
Funafuti
75%
Port Vila
75%
Honiara
72%
Majuro
69%
Palikir
69%
Tarawa
69%
Nie znaleziono quizów pasujących do podanych kryteriów
Rozkład punktacji
Procent ludzi z każdym wynikiem
Percentyl według liczby udzielonych odpowiedzi
Twoja historia wyników
Nie rozwiązałeś tego quizu